ভূমি সংস্কার ও গ্রামোন্নয়ন / (Record no. 52501)
[ view plain ]
| 000 -LEADER | |
|---|---|
| fixed length control field | 00813nam a2200217 a 4500 |
| 001 - CONTROL NUMBER | |
| control field | 52501 |
| 003 - CONTROL NUMBER IDENTIFIER | |
| rucl marc code | BD-RjUL |
| 005 - DATE AND TIME OF LATEST TRANSACTION | |
| control field | 20211209075822.0 |
| 008 - FIXED-LENGTH DATA ELEMENTS--GENERAL INFORMATION | |
| fixed length control field | 160921s1984 bg ||||| |||| 00| 0 ben d |
| 035 ## - SYSTEM CONTROL NUMBER | |
| System control number | (BD-RjUL)52621 |
| 040 ## - CATALOGING SOURCE | |
| Original cataloging agency | BD-RjUL |
| Language of cataloging | ben |
| Transcribing agency | BD-RjUL |
| Modifying agency | BD-RjUL |
| 041 ## - LANGUAGE CODE | |
| Language code of text/sound track or separate title | ben |
| 082 ## - DEWEY DECIMAL CLASSIFICATION NUMBER | |
| Edition number | 23 |
| Classification number | 333.76 |
| Author mark and year | DAV 1984 |
| 100 ## - MAIN ENTRY--PERSONAL NAME | |
| Personal name | দাশগুপ্ত, বিপ্লব |
| 9 (RLIN) | 157011 |
| 245 10 - TITLE STATEMENT | |
| Title | ভূমি সংস্কার ও গ্রামোন্নয়ন / |
| Statement of responsibility, etc. | বিপ্লব দাশগুপ্ত |
| 260 ## - PUBLICATION, DISTRIBUTION, ETC. (IMPRINT) | |
| Place of publication, distribution, etc. | ঢাকা : |
| Name of publisher, distributor, etc. | গণউন্নয়ন গ্রন্থাগার, |
| Date of publication, distribution, etc. | ১৯৮৪. |
| 300 ## - PHYSICAL DESCRIPTION | |
| Pagination | বিভিন্ন পৃ. ; |
| Size | ১৮ সেমি. |
| 650 ## - SUBJECT ADDED ENTRY--TOPICAL TERM | |
| Topical term or geographic name as entry element | গ্রাম্য ভূমি |
| 9 (RLIN) | 157012 |
| Topical term or geographic name as entry element | Rural Land |
| 9 (RLIN) | 147000 |
| 942 ## - ADDED ENTRY ELEMENTS (KOHA) | |
| Source of classification or shelving scheme | Dewey Decimal Classification |
| Koha item type | Books |
| Lost status | Source of classification or shelving scheme | Damaged status | Not for loan | Collection code | Permanent Location | Current Location | Shelving location | Date acquired | Source of acquisition | Cost, normal purchase price | Total Checkouts | Full call number | Date last seen | Copy number | Koha item type |
|---|---|---|---|---|---|---|---|---|---|---|---|---|---|---|---|
| Dewey Decimal Classification | Non-fiction | Central Library, University of Rajshahi | Central Library, University of Rajshahi | 04/04/1984 | Gono gronthagar, Dhaka. | 30.00 | B 333.76 DAV 1984 | 21/09/2016 | C-2 | Books | |||||
| Dewey Decimal Classification | Not For Loan | Non-fiction | Central Library, University of Rajshahi | Central Library, University of Rajshahi | Reading Room | 04/04/1984 | Public library | 30.00 | B 333.76 DAV 1984 | 27/12/2016 | C-1 | Books | |||
| Dewey Decimal Classification | Non-fiction | Central Library, University of Rajshahi | Central Library, University of Rajshahi | 04/04/1984 | Public library | 30.00 | B 333.76 DAV 1984 | 29/01/2017 | C-3 | Books |